| 000 | 00463nam a22001697a 4500 | ||
|---|---|---|---|
| 005 | 20251108175530.0 | ||
| 008 | 250721s1990 xx 000 0 eng d | ||
| 082 | 1 | 4 | _aJ/F/BRO |
| 100 | 1 | _aBROWNE, ANTHONY | |
| 245 | 1 | 0 | _aCHANGES / |
| 264 | 1 |
_anew york : _bfarrar, staus and giroux / a sunburst book, _c1990. |
|
| 300 | _a[24P.] | ||
| 650 | 1 | 7 | _aFiction |
| 653 | _aاطفال مرحلة متوسطة (6-9) سنوات | ||
| 942 |
_2ddc _cBK |
||
| 999 |
_c136332 _d136332 |
||